| 000 | 00890nam a2200241Ia 4500 | ||
|---|---|---|---|
| 003 | OSt | ||
| 005 | 20220923213842.0 | ||
| 006 | a|||||r|||| 00| 0 | ||
| 007 | ta | ||
| 008 | 220922b |||||||| |||| 00| 0 hin d | ||
| 024 | _a165,179 | ||
| 037 | _cTextual | ||
| 040 |
_aARTS _cARTS _bhin |
||
| 041 |
_2hin _ahin |
||
| 082 | _aO152,1:gN5, L5 | ||
| 100 |
_aराव, बाल कृष्ण; रजनीश, गोविन्द _9163158 |
||
| 245 | 0 | _aनयी कविता परिवेश, प्रवृत्ति एवं अभिव्यक्ति | |
| 246 | _aNayī kavitā parivesha, pravṛutti evan abhivyakti | ||
| 260 | _c1975 | ||
| 650 |
_aहिन्दी साहित्य _9156264 |
||
| 942 |
_hO152,1:gN5, L5 _cTEXL _2CC |
||
| 999 |
_c319658 _d319658 |
||